HYDROXYAPATITE POWDER AND FILMS ON METALLIC ALLOYS WITH CERAMIC BUFFER LAYERS / (Record no. 528019)

000 -LEADER
fixed length control field 00587nam a22001697a 4500
020 ## - INTERNATIONAL STANDARD BOOK NUMBER
Qualifying information Hard Cover.
082 ## - DEWEY DECIMAL CLASSIFICATION NUMBER
Classification number 620.44
100 ## - MAIN ENTRY--PERSONAL NAME
Personal name Khalid, Muhammad.
245 ## - TITLE STATEMENT
Title HYDROXYAPATITE POWDER AND FILMS ON METALLIC ALLOYS WITH CERAMIC BUFFER LAYERS /
Statement of responsibility, etc. Mohammad Khalid.
260 ## - PUBLICATION, DISTRIBUTION, ETC.
Place of publication, distribution, etc. Islamabad:
Name of publisher, distributor, etc. SCME - NUST,
Date of publication, distribution, etc. 2013.
300 ## - PHYSICAL DESCRIPTION
Extent xv. 146 p. : ill. ;
Dimensions 30cm.
650 ## - SUBJECT ADDED ENTRY--TOPICAL TERM
Topical term or geographic name entry element Ph. D. Thesis.
700 ## - ADDED ENTRY--PERSONAL NAME
Personal name Dr. Muhammad Khalid.
856 ## - Uniform Resource Identifier
Uniform Resource Identifier <a href=" http://10.250.8.41:8080/xmlui/handle/123456789/22203"> http://10.250.8.41:8080/xmlui/handle/123456789/22203</a>
942 ## - ADDED ENTRY ELEMENTS (KOHA)
Source of classification or shelving scheme
Koha item type Thesis
650 ## - SUBJECT ADDED ENTRY--TOPICAL TERM
-- 19288
700 ## - ADDED ENTRY--PERSONAL NAME
-- 19529
Holdings
Withdrawn status Lost status Source of classification or shelving scheme Damaged status Not for loan Permanent Location Current Location Shelving location Date acquired Full call number Barcode Date last seen Price effective from Koha item type
          Central Library (CL) Central Library (CL) Thesis 08/26/2019 200 CLPT-527 08/26/2019 08/26/2019 Thesis
© 2023 Central Library, National University of Sciences and Technology. All Rights Reserved.